000 01285nam0a2200325 4500
001 RU\NLR\BIBL_A\011479131
005 20260406131526.0
010 _a9785040040193
_924000
021 _aRU
_b2017-63126
_94472
035 _a(RuMoRGB)009372875
035 _a(NLR Aleph) 011479131
090 _a11890652
_c11890652
100 _a20170927d2017 u y0rusy50 ca
101 0 _arus
102 _aRU
105 _aa zzzz00000gy
200 1 _aСтихи
_e[для младшего школьного возраста]
_fАгния Барто
_gиллюстрации В. Трубицына, Ю. Трубицыной
210 _aМосква
_c#Эксмодетство
_d2017
215 _a77, [2] с.
_cцв. ил.
_d22
333 _a0+
686 _aШ9(2)6=Р70-5
_2rubbk
686 0 _aШ9(2)60=Р7-5
700 1 _4070
_8rus
_7ca
_aБарто
_bА. Л.
_f1906-1981
_gАгния Львовна
_3RU\NLR\auth\771526
_9111548
702 1 _4040
_8rus
_7ca
_aТрубицын
_bВ. В.
_cхудожник
_gВладимир Владимирович
_3RU\NLR\AUTH\7762454
_945384
702 1 _4040
_8rus
_7ca
_aТрубицына
_bЮ. Б.
_gЮлия Борисовна
_3RU\NLR\AUTH\7762455
_945385
942 _cBOOK
980 _aNBR